Name the Broadway Star by Their Picture - Statistics

General Stats
  • This quiz has been taken 116 times
  • The average score is 9 of 16
Answer Stats
Picture Answer % Correct
Lin Manuel Miranda
99%
Ben Platt
96%
Idina Menzel
92%
Jeremy Jordan
83%
Jonathan Groff
78%
Andrew Rannells
65%
Cynthia Erivo
65%
Jordan Fisher
62%
Sara Bareilles
54%
Stephanie J. Block
52%
Andre De Shields
39%
Lea Salonga
38%
Anthony Rapp
35%
Sierra Boggess
34%
Adam Pascal
31%
Jenn Colella
26%
No matching quizzes found
Score Distribution
Percent of People with Each Score
Percentile by Number Answered
Your Score History
You have not taken this quiz